| 000 | 00813cam a2200265 i 4500 | ||
|---|---|---|---|
| 999 |
_c67435 _d67435 |
||
| 001 | 67435 | ||
| 003 | Mx-PuUPA | ||
| 005 | 20260525133147.0 | ||
| 008 | 170530s1999 xxu r 000 0 eng d | ||
| 020 | _a9781578194544 | ||
| 040 |
_erda _aMx-PuUPA _bspa _cMx-PuUPA _dMx-PuUPA |
||
| 041 | 0 | _aeng | |
| 100 | 1 |
_aPliskin, Zelig, _eautor _94623 |
|
| 245 | 1 | 0 |
_aHappiness : _bformulas, stories, and insights / _cRabbi Zelig Pliskin. |
| 250 | _aFirst edition | ||
| 264 | 1 |
_aBrooklyn, N.Y. : _bShaar Press, _c1999 |
|
| 300 |
_a240 páginas ; _c17 cm. |
||
| 336 |
_atexto _2rdacontent _btxt |
||
| 337 |
_asin medio _2rdamedia _bn |
||
| 338 |
_avolumen _2rdacarrier _bnc |
||
| 490 | 0 | _aPocket Scroll | |
| 650 | 4 |
_aFelicidad _xPsicologĂa |
|
| 942 |
_cLI _2ddc _h152.42 _iP728 |
||